000 00902nam a22002537a 4500
999 _c21271
_d21271
003 AR-CdUCM
008 190517b ||||| |||| 00| 0 spa d
020 _a1468935634568
040 _aMUNICIPALIDAD PROVINCIAL DEL CUSCO
_cBIBLIOTECA MUNICIPAL DEL CUSCO
082 _a513/O41R
_bO41R
_2Segunda
100 _aOlarte Estrada, Joel Grimaldo
_944435
245 _aAritmética razonada 3 /
260 _aCusco ;
_bBolaños,
_c2018.
300 _a235 Páginas. :
_c21 cm.
440 _aColección Josy
_n3
_944442
505 _aContenido: Razones y proporciones -- Magnitudes proporcionales -- Regla de tres -- Tanto por ciento -- Regla de Interés -- Descuento.
650 _aMatemática
_919387
650 _aAritmética
_919777
650 _aRazones y proporciones
_944443
650 _aMagnitudes proporcionales
_944444
650 _aRegla de tres
_944445
942 _2ddc
_cLIBROS
945 _aRoel